000 00425nam a2200181Ia 4500
001 18032
005 20260306171600.0
008 260306s9999||||xx |||||||||||||| ||und||
041 _aESP
082 _a658.321
_bE31
100 _aEgúsquiza Palacín, Beatty
_eAUT
245 0 _aPlame y T-Registro
260 _c2013
300 _a316 páginas :
_c24 cm.
650 _aGEN
654 _aCAN
942 _cLIB
_dJUS
_fJUS
_2ddc
_n
999 _c18032
_d18032